Normal view
MARC view
Entry Personal Name
001 - CONTROL NUMBER
- control field: 5557
003 - CONTROL NUMBER IDENTIFIER
- control field: BD-RjUL
005 - DATE AND TIME OF LATEST TRANSACTION
- control field: 20221030120838.0
008 - FIXED-LENGTH DATA ELEMENTS
- fixed length control field: 221030|| aca||aabn | a|a d
040 ## - CATALOGING SOURCE
- Original cataloging agency: BD-RjUL
- Transcribing agency: BD-RjUL
100 ## - HEADING--PERSONAL NAME
- Personal name: Aiyar, K. J
670 ## - SOURCE DATA FOUND
- Source citation: Work cat.: (BD-RjUL)80652: Aiyar, K. J. , Law and practice of evidence in criminal cases in India and Pakistan /, 1953